00817 2200205 4500001002100000005001500021007000300036008004100039020002200080035002000102082000800122084001400130100003200144245005300176260003100229300004900260520024900309600002300558700003000581INLIS00000000000232820260406115122ta260406 j 0 ind  a978-602-467-783-1 a0010-0426000006 a503 a503 TES e0 aTessa Febiani ( Pengarang )1 aEkologi /cTessa Febiani; editor, Ayu Prameswary aJakarta :bErlangga,c2023 a32 hlm :biIus,bergambar,berwarna ;c28,5 cm aApa itu keanekaragaman hayati ? Berapa banyak ekosistem yang membentuk planet kita ? Mengapa menjaga keseimbangan lingkungan adalah hal yang penting.? Pelajari semua yang kamu butuhkan untuk memahami lingkungan sekitarmu dari ensiklopedia ini ! 4aEnsiklopedia sains0 aAyu Prameswary ( Editor )